[Event "IND-ch U19 Girls 46th"]
[Site "Rajahmundry"]
[Date "2016.10.09"]
[Round "2"]
[White "Sandya, M."]
[Black "Vaishali, Ramesh Babu"]
[Result "0-1"]
[WhiteElo "1772"]
[BlackElo "2295"]
[PlyCount "106"]
[EventDate "2016.10.08"]
[EventType "swiss"]
[EventRounds "11"]
[EventCountry "IND"]
[SourceTitle "CBM 175 Extra"]
[Source "ChessBase"]
[SourceDate "2016.12.12"]
[SourceVersion "1"]
[SourceVersionDate "2016.12.12"]
[SourceQuality "1"]

1. e4 e5 2. Nf3 d6 3. d4 exd4 4. Nxd4 Nf6 5. Nc3 Be7 6. Be2 0-0 7. Be3 Re8 8. Qd2 Bf8 9. f3 d5 10. Bg5 dxe4 11. Bxf6 Qxf6 12. Nxe4 Qb6 13. 0-0-0 Nc6 14. Nxc6 Qxc6 15. Kb1 Be6 16. Ng5 Bf5 17. Bd3 Rad8 18. Qf4 Bg6 19. Bc4 Rd7 20. Rxd7 Qxd7 21. h4 h6 22. Ne4 Qd4 23. Qxc7 Re7 24. Qc8 Bxe4 25. fxe4 Qxe4 26. b3 Qxg2 27. Rf1 Qe4 28. Qf5 Qxf5 29. Rxf5 g6 30. Rf4 Bg7 31. Rf1 h5 32. Rg1 Bd4 33. Rf1 Kg7 34. Kc1 Bc3 35. Kd1 a6 36. a4 f5 37. Bd3 Kf6 38. Be2 Re4 39. Bf3 Rd4+ 40. Ke2 b5 41. axb5 axb5 42. Rd1 Rxh4 43. Rd6+ Kg5 44. Ke3 Rh2 45. Be2 b4 46. Rd1 h4 47. Rg1+ Kf6 48. Bd3 Ke5 49. Kf3 Bd4 50. Re1+ Kf6 51. Re2 Rxe2 52. Bxe2 g5 53. Kg2 g4 0-1

[Event "IND-ch Challengers (Women) 43rd"]
[Site "Chennai"]
[Date "2016.06.18"]
[Round "2"]
[White "Kiran, Manisha Mohanty"]
[Black "Sandya, M."]
[Result "1-0"]
[WhiteElo "2126"]
[BlackElo "1772"]
[PlyCount "75"]
[EventDate "2016.06.17"]
[EventType "swiss"]
[EventRounds "11"]
[EventCountry "IND"]
[SourceTitle "EXT 2017"]
[Source "ChessBase"]
[SourceDate "2016.10.25"]
[SourceVersion "1"]
[SourceVersionDate "2016.10.25"]
[SourceQuality "1"]

1. e4 c5 2. Nf3 d6 3. d4 cxd4 4. Nxd4 Nf6 5. Nc3 g6 6. Be2 Bg7 7. 0-0 0-0 8. Nb3 Nc6 9. Re1 Be6 10. Bf1 a5 11. a4 Rc8 12. Nd5 Bxd5 13. exd5 Ne5 14. c3 Nfd7 15. Be3 Nc5 16. Nd4 h5 17. h3 Ncd7 18. f4 Nc4 19. Bxc4 Rxc4 20. f5 Bxd4 21. Bxd4 Rc8 22. fxg6 fxg6 23. Re6 Nf6 24. Qd3 Kh7 25. c4 Rf7 26. b3 Qg8 27. Rae1 Re8 28. R1e3 Nd7 29. Qe2 Qf8 30. Rxd6 Nf6 31. Rde6 Ng8 32. Qd3 Nf6 33. Rg3 Qh6 34. Be3 Qg7 35. Rg5 Rd8 36. Bc5 Rd7 37. Rge5 Ne8 38. Rxh5+ 1-0

[Event "Runwal Memorial op U15 Girls 29th"]
[Site "Mumbai"]
[Date "2012.09.25"]
[Round "9"]
[White "Dharani, Sree R"]
[Black "Sandya, M."]
[Result "1-0"]
[WhiteElo "1634"]
[BlackElo "1789"]
[PlyCount "182"]
[EventDate "2012.09.18"]
[EventType "swiss"]
[EventRounds "11"]
[EventCountry "IND"]
[SourceTitle "EXT 2013"]
[Source "ChessBase"]
[SourceDate "2012.11.22"]
[SourceVersion "1"]
[SourceVersionDate "2012.11.22"]
[SourceQuality "1"]

1. e4 c5 2. c3 Qa5 3. Nf3 Nc6 4. Bc4 e6 5. 0-0 b5 6. Bb3 c4 7. Bc2 b4 8. b3 Ba6 9. Re1 Nf6 10. Bb2 Be7 11. bxc4 Bxc4 12. d3 Ba6 13. c4 e5 14. Nbd2 0-0 15. Nf1 d6 16. Ne3 Bc8 17. Nd5 Bg4 18. h3 Bh5 19. g4 Bg6 20. Ba4 Nxd5 21. Bxc6 Nc3 22. Bxc3 Rac8 23. Bxb4 Qxb4 24. Bd5 h5 25. Rb1 Qa5 26. Qe2 Rb8 27. Kg2 Rb6 28. Rb2 Rfb8 29. Reb1 Bd8 30. Rxb6 Rxb6 31. Rb2 Qa6 32. Rxb6 Qxb6 33. Qc2 Qa6 34. Qb3 hxg4 35. hxg4 Qc8 36. Kg3 Bb6 37. Qb5 Qd8 38. Qb2 Kf8 39. Qd2 Qc8 40. Qb4 Ke7 41. Nxe5 Bc5 42. Nxg6+ fxg6 43. Qb7+ Qxb7 44. Bxb7 g5 45. f4 Kf6 46. fxg5+ Kxg5 47. Kf3 Kf6 48. Ke2 Ke5 49. Kd2 g5 50. Kc3 Bd4+ 51. Kb4 Bc5+ 52. Kb5 Kd4 53. a4 Ke5 54. a5 Kd4 55. Bd5 Ke5 56. Kc6 Kd4 57. a6 Ke5 58. Kd7 Bd4 59. Ke7 Bc5 60. Kf7 Bd4 61. Kg6 Be3 62. Bb7 Bf4 63. Kf7 Be3 64. Kg6 Bf4 65. c5 dxc5 66. Bd5 Be3 67. Bc4 Bd2 68. Kf7 Bb4 69. Ke8 Kd6 70. Kd8 Bc3 71. Kc8 Kc6 72. Bd5+ Kb6 73. Bb7 c4 74. dxc4 Kc5 75. Kb8 Kd6 76. c5+ Kxc5 77. Kxa7 Kd6 78. Kb8 Be5 79. Bd5 Bd4 80. Kb7 Ke5 81. a7 Bxa7 82. Kxa7 Kf4 83. Kb6 Kxg4 84. e5 Kf5 85. e6 Kf6 86. Kc6 Ke7 87. Kc5 g4 88. Kd4 Kd6 89. Ke4 g3 90. Kf3 Kxd5 91. e7 Ke6 1-0

[Event "Runwal Memorial op U15 Girls 29th"]
[Site "Mumbai"]
[Date "2012.09.24"]
[Round "8"]
[White "Sandya, M."]
[Black "Srija, Seshadri"]
[Result "0-1"]
[WhiteElo "1789"]
[BlackElo "1964"]
[PlyCount "80"]
[EventDate "2012.09.18"]
[EventType "swiss"]
[EventRounds "11"]
[EventCountry "IND"]
[SourceTitle "EXT 2013"]
[Source "ChessBase"]
[SourceDate "2012.11.22"]
[SourceVersion "1"]
[SourceVersionDate "2012.11.22"]
[SourceQuality "1"]

1. e4 e5 2. Nf3 Nc6 3. Bb5 a6 4. Ba4 Nf6 5. d4 exd4 6. 0-0 Bc5 7. e5 Nd5 8. c3 d3 9. b4 Be7 10. Bb3 Nb6 11. a4 d5 12. exd6 Qxd6 13. a5 Nd5 14. Qxd3 Be6 15. Ba3 Nf4 16. Qe4 Bxb3 17. b5 Bd5 18. Qe3 Nxg2 19. Kxg2 Qg6+ 20. Kh1 axb5 21. Rd1 Qe6 22. Kg2 Qg4+ 23. Kf1 Qxf3 24. Qxf3 Bxf3 25. Re1 Kd7 26. Bxe7 Nxe7 27. Na3 Rxa5 28. Re3 Bd5 29. Rae1 Be6 30. Rd1+ Kc8 31. Nc2 Nf5 32. Ree1 Nh4 33. Ra1 Ra4 34. Nd4 Bc4+ 35. Kg1 c5 36. Rxa4 bxa4 37. Re4 cxd4 38. Rxh4 a3 39. Rxd4 Bb3 40. Re4 Rd8 0-1

[Event "Runwal Memorial op U15 Girls 29th"]
[Site "Mumbai"]
[Date "2012.09.22"]
[Round "5"]
[White "Sandya, M."]
[Black "Mahalakshmi, Muganda Kumar"]
[Result "1-0"]
[WhiteElo "1789"]
[BlackElo "2023"]
[PlyCount "87"]
[EventDate "2012.09.18"]
[EventType "swiss"]
[EventRounds "11"]
[EventCountry "IND"]
[SourceTitle "EXT 2013"]
[Source "ChessBase"]
[SourceDate "2012.11.22"]
[SourceVersion "1"]
[SourceVersionDate "2012.11.22"]
[SourceQuality "1"]

1. e4 e6 2. d4 d5 3. Nc3 Nf6 4. e5 Nfd7 5. f4 c5 6. Nf3 Nc6 7. Be3 Be7 8. Qd2 0-0 9. 0-0-0 a6 10. Qf2 f5 11. Kb1 c4 12. Rg1 b5 13. g4 Nb6 14. gxf5 exf5 15. Qg3 Rf7 16. Ng5 Bxg5 17. fxg5 g6 18. h4 b4 19. Ne2 c3 20. Nf4 Na4 21. b3 Nb2 22. Bg2 Ne7 23. h5 Nxd1 24. Rxd1 a5 25. Rh1 a4 26. hxg6 Rg7 27. Rxh7 Rxh7 28. gxh7+ Kh8 29. g6 axb3 30. g7+ Kxh7 31. Qh4+ Kxg7 32. Qf6+ Kg8 33. Bxd5+ Qxd5 34. Nxd5 bxc2+ 35. Kc1 Nxd5 36. Qd8+ Kh7 37. Qxd5 Ra7 38. Qc6 Bd7 39. Qh6+ Kg8 40. Qg6+ Kh8 41. Bg5 Ra6 42. Bf6+ Rxf6 43. exf6 b3 44. Qg7# 1-0